000 00767nam a2200253Ia 4500
003 OSt
005 20220923224603.0
006 a|||||r|||| 00| 0
007 ta
008 Pun
020 _c150
024 _a243,742
037 _b309, 08/10/2010, H.K. Prakashan
_cTextual
040 _aARTS
_cARTS
_bPun
041 _2Pun
_aPun
082 _aO153,3N43x, P3
100 _aਗਿੱਲ, ਗੁਰਨਾਮ
_9156291
245 0 _aਤੇ ਹਵਾ ਰੁਕ ਗਈ
260 _aਜਲੰਧਰ
_b Fਿਵ ਪ੍ਰਕਾFਨ
_c2003
300 _a134ਪੰ
_ccm.
650 _aਪੰਜਾਬੀ ਸਾਹਿਤ
942 _hO153,3N43x, P3
_cTEXL
_2CC
999 _c372355
_d372355